00987nam a22002177a 450000500170000000800410001702000180005805000250007624501040010125000110020526001060021630000270032250400320034965000580038165000580043965000590049770000410055670000410059770000430063871000880068120211124131242.0211123s2014 mx bdo gr|||| 00| 0 spa|d a978607935002404aHD9014.O2 bI54 201400aInfografía agroalimentaria Oaxaca 2014 c / [Colaboradores Patricia Ornelas Ruíz ... [et al.]]. a1a ed. aMéxico :bSecretaría de Agricultura, Ganadería, Desarrollo Rural, Pesca y Alimentación,c2014 a70 p. :bil. ;c20 cm. aIncluye glosario e índice 72lembaIndustrias alimenticiasvEstadísticaszOaxaca272lembaAgricultura de regionesvEstadísticaszOaxaca372lembaIndustrias agropecuariasvEstadísticaszOaxaca1 aOrnelas Ruiz, Patricia,ecolaborador1 aRamos Escobar, Rolando,ecolaborador1 aCampos Leal, José Luis,ecolaborador1 aSecretaría de Agricultura, Ganadería, Desarrollo Rural, Pesca y Alimentación.